[Event "TCh-AUT 2010-11"]
[Site "Graz AUT"]
[Date "2010.11.19"]
[Round "1.3"]
[White "Drabke,L"]
[Black "Varga,Zo"]
[Result "0-1"]
[WhiteElo "2439"]
[BlackElo "2435"]

1.e4 d6 2.d4 Nf6 3.Nc3 Nbd7 4.f4 e5 5.Nf3 c6 6.Be3 Qe7 7.Qd2 exf4 8.Bxf4 Nxe4
9.Nxe4 Nf6 10.Bxd6 Qxe4+ 11.Kf2 Bxd6  0-1

[Event "British Rapidplay"]
[Site "Halifax ENG"]
[Date "2010.11.20"]
[Round "3"]
[White "Birkin,Mark"]
[Black "Haslinger,S"]
[Result "0-1"]
[WhiteElo "1895"]
[BlackElo "2543"]

1.e4 d6 2.d4 Nf6 3.Nc3 e5 4.Nf3 Nbd7 5.h3 Be7 6.Bc4 O-O 7.O-O c6 8.a4 a5
9.Be3 h6 10.Qd2 Nh7 11.Rad1 Re8 12.Qc1 Qc7 13.Kh1 Ndf8 14.Bb3 Bf6 15.Rg1 Qe7
16.Rd3 Ng5 17.Nxg5 Bxg5 18.Bxg5 hxg5 19.Rf3 Ne6 20.dxe5 dxe5 21.Bxe6 Bxe6
22.Rg3 f6 23.Rd1 Qc5 24.Rd2 Red8 25.Qd1 Qb6 26.Rgd3 Rxd3 27.cxd3 Rd8 28.Qe2 Rd4
29.Kh2 Qd8 30.Qh5 Qd7 31.h4 Bf7 32.Qd1 gxh4 33.Ne2 Rb4 34.d4 Bb3 35.Qc1 exd4
36.Qc5 Qc7+ 37.g3 hxg3+ 38.Nxg3 Qe5 39.Qa7 Qf4 40.Qa8+ Kf7 41.Rd3 Qxf2+ 42.Kh3 Be6+  0-1

[Event "British Rapidplay"]
[Site "Halifax ENG"]
[Date "2010.11.20"]
[Round "6"]
[White "Howell,D"]
[Black "Haslinger,S"]
[Result "1-0"]
[WhiteElo "2611"]
[BlackElo "2543"]

1.e4 d6 2.d4 Nf6 3.Nc3 e5 4.Nge2 c6 5.a4 Nbd7 6.h3 h5 7.g3 Be7 8.Bg2 b6 9.O-O a6
10.d5 cxd5 11.exd5 O-O 12.Be3 Re8 13.Qd2 Bb7 14.a5 b5 15.Na2 Rc8 16.Nb4 Nc5
17.b3 Nfe4 18.Qd1 f5 19.c4 bxc4 20.bxc4 h4 21.g4 fxg4 22.hxg4 Qd7 23.Kh2 Bg5
24.Ra3 Rf8 25.f3 Bxe3 26.Rxe3 Ng5 27.Qe1 Qd8 28.f4 Nf7 29.Nc6 Bxc6 30.dxc6 e4
31.g5 Nxg5 32.fxg5 Qxg5 33.Rh3 Rxf1 34.Bxf1 Qe5+ 35.Kh1 g5 36.Nc3 Rxc6 37.Nd5 Rc8
38.Qc3 Rb8 39.Qxe5 dxe5 40.Nc3 Rb3 41.Re3 g4 42.Be2 g3 43.Kg2 Na4 44.Nd5 Rb2
45.Rxe4 Nc5 46.Rxe5 Nd3 47.Re3 Nc1 48.Nf4 Kf7 49.Kh3 Kf6 50.Bf3 Rh2+ 51.Kg4 Na2
52.c5 Nb4 53.c6 Nxc6 54.Re6+ Kf7 55.Bd5 Ra2 56.Re1+ Kf6 57.Bxa2 g2 58.Kh3 Kf5
59.Nxg2 Kf6 60.Re6+ Kf5  1-0

[Event "TCh-NED"]
[Site "Netherlands NED"]
[Date "2010.11.20"]
[Round "3.2"]
[White "Orlov,And"]
[Black "Van Der Weide,Piet"]
[Result "1-0"]
[WhiteElo "2518"]
[BlackElo "2199"]

1.e4 d6 2.d4 Nf6 3.Nc3 e5 4.Nf3 Nbd7 5.Bc4 Be7 6.O-O O-O 7.Re1 c6 8.a4 b6
9.Ba2 Bb7 10.h3 a6 11.d5 Qc7 12.dxc6 Bxc6 13.Nh4 Nc5 14.Nf5 Rfd8 15.Bg5 Ne6
16.Bh4 Nf4 17.Qf3 Rac8 18.Rad1 b5 19.axb5 axb5 20.Bb3 Ra8 21.Ne2 Ne6 22.Neg3 Nc5
23.Nxe7+ Qxe7 24.Nf5 Qf8 25.Bxf6 gxf6 26.Qg3+ Kh8 27.Qh4  1-0

[Event "4th Mediterranean Open"]
[Site "Rijeka CRO"]
[Date "2010.11.20"]
[Round "9.18"]
[White "Plenca,J"]
[Black "Valenti,G"]
[Result "1-0"]
[WhiteElo "2311"]
[BlackElo "2122"]

1.e4 d6 2.d4 Nf6 3.Nc3 e5 4.Nf3 Nbd7 5.g4 h6 6.Rg1 c6 7.a4 Be7 8.h4 g6 9.g5 hxg5
10.Bxg5 Qc7 11.Qd2 Nf8 12.O-O-O N8h7 13.Bc4 Bg4 14.Rg3 a6 15.Qe3 Bh5 16.Rdg1 Bf8
17.Kb1 b5 18.Bb3 Be7 19.dxe5 dxe5 20.Bh6 Rg8 21.Ng5 Nxg5 22.Rxg5 Bd6 23.f4 O-O-O
24.axb5 axb5 25.fxe5 Bxe5 26.Rxe5 Qxe5 27.Bf4 Ng4 28.Rxg4 Qd4 29.Rg5  1-0

[Event "4th South Bohemia Open"]
[Site "Cesky Krumlov CZE"]
[Date "2010.11.21"]
[Round "1"]
[White "Balka,L"]
[Black "Umanec,F"]
[Result "0-1"]
[WhiteElo "1778"]
[BlackElo "2200"]

1.e4 d6 2.d4 Nf6 3.Nc3 Nbd7 4.Nf3 e5 5.dxe5 dxe5 6.Bd3 c6 7.O-O Be7 8.b3 O-O
9.Bb2 Qc7 10.h3 Nc5 11.Rc1 Re8 12.Qe1 Bf8 13.a4 Nxd3 14.cxd3 Qb6 15.Qd1 Be6
16.Nd2 Rad8 17.Qc2 Nd7 18.Nc4 Qa6 19.Ne2 f6 20.Kh1 b5 21.axb5 cxb5 22.Ra1 Qc6
23.Ne3 Qxc2 24.Nxc2 Bxb3 25.Ne3 Ra8 26.f4 a5 27.fxe5 Nxe5 28.Bxe5 fxe5 29.Rfb1 a4
30.Nc1 Bc5 31.Nf5 g6 32.Nxb3 axb3 33.Rxa8 Rxa8 34.Rxb3 gxf5 35.Rxb5 Bd4 36.exf5 Ra3
37.g4 Rxd3 38.Kg2 e4 39.h4 Rd2+ 40.Kf1 e3 41.Rb8+ Kf7 42.Rb7+ Kf6 43.Rc7 Ke5
44.Rc4 Ke4 45.Ke1 Kd3 46.Rb4 Rd1+  0-1

[Event "TCh-BEL 2010-11"]
[Site "Eupen BEL"]
[Date "2010.11.21"]
[Round "4.7"]
[White "Coenen,M"]
[Black "Hautot,S"]
[Result "1-0"]
[WhiteElo "2325"]
[BlackElo "2409"]

1.e4 d6 2.d4 Nf6 3.Nc3 Nbd7 4.Nge2 e5 5.f3 Be7 6.Be3 O-O 7.g4 c6 8.Ng3 d5
9.g5 Ne8 10.exd5 Bxg5 11.Qd2 Bxe3 12.Qxe3 exd4 13.Qxd4 Nb6 14.O-O-O cxd5
15.Rg1 Qf6 16.Nxd5 Nxd5 17.Qxd5 Be6 18.Qd2 Qh4 19.Ne4 Nf6 20.Qd4 Qh6+ 21.Ng5 Bd5
22.Kb1 Rfd8 23.b3 Rd7 24.Qf4 Nh5 25.Qh4 Rad8 26.Bh3 Be6 27.Rxd7 Rxd7 28.Bxe6 fxe6
29.Qc4 Kf8 30.Nxe6+ Ke7 31.Ng5 Qb6 32.Re1+ Kd8 33.Nf7+ Rxf7 34.Qxf7 Qb5 35.Rd1+ Kc8
36.Qf8+  1-0

[Event "16th Asian Games Team Men"]
[Site "Guangzhou CHN"]
[Date "2010.11.21"]
[Round "4"]
[White "Al Zendani,Z"]
[Black "Al Sayed,Mohamad"]
[Result "0-1"]
[WhiteElo "2398"]
[BlackElo "2502"]

1.e4 d6 2.d4 Nf6 3.Nc3 e5 4.Nf3 Nbd7 5.Be2 g6 6.dxe5 dxe5 7.h3 Bg7 8.Be3 O-O
9.Nd2 b6 10.a4 a6 11.O-O Bb7 12.a5 b5 13.b4 Qe7 14.Qb1 Rfd8 15.Bf3 c5 16.Na2 c4
17.c3 Nf8 18.Rd1 Ne6 19.Bb6 Rd3 20.Be2 Rxd2 21.Rxd2 Nxe4 22.Rd1 Nf4 23.Bf1 Nxh3+
24.gxh3 Qg5+ 25.Kh2 Nd2  0-1

[Event "TCh-HUN 2010-11"]
[Site "Paks HUN"]
[Date "2010.11.21"]
[Round "3"]
[White "Borda,L"]
[Black "Vajda,S"]
[Result "0-1"]
[WhiteElo "2107"]
[BlackElo "2342"]

1.e4 d6 2.d4 Nf6 3.Nc3 Nbd7 4.Be2 e5 5.Nf3 Be7 6.O-O O-O 7.Re1 c6 8.a4 h6
9.h3 Re8 10.dxe5 dxe5 11.Bc4 Bb4 12.Qd3 Qe7 13.Bd2 Nf8 14.Nd1 Bxd2 15.Qxd2 Ng6
16.c3 Nf4 17.Qc2 Nh7 18.Ne3 Ng5 19.Nh2 Be6 20.Bxe6 Ngxe6 21.Kh1 Rad8 22.Rad1 a5
23.Nf3 Nc5 24.Kh2 Qe6 25.Ng1 Qa2 26.Ra1 Qb3 27.Qxb3 Nxb3 28.Rad1 Nd3 29.Re2 Ndc5
30.Rxd8 Rxd8 31.Nc4 f6 32.Nb6 Rd1 33.Nf3 Nd3 34.g3 Ra1 35.Nd2 Nbc1 36.Re3 Nxb2
37.Re1 Nbd3 38.Rf1 Ra2 39.Ndc4 Nb3 40.Kg2 Rc2 41.h4 Rxc3 42.Rd1 h5 43.Nd6 Nbc5
44.Kg1 Rb3 45.Nbc4 b6 46.f3 Nxa4 47.Nc8 Nab2 48.Ne7+ Kf7 49.Nxb2 Rxb2 50.Nxc6 Nc5
51.Ra1 a4 52.f4 exf4 53.gxf4 b5 54.f5 Nxe4 55.Rd1 Rd2  0-1

[Event "Panam-Cont 2010"]
[Site "Cali COL"]
[Date "2010.11.22"]
[Round "9"]
[White "Renteria,R"]
[Black "Acosta,M USA"]
[Result "1-0"]
[WhiteElo "2201"]
[BlackElo "2060"]

1.e4 d6 2.d4 Nf6 3.Nc3 c6 4.f4 Qa5 5.Bd3 Bg4 6.Nf3 e5 7.Be3 Nbd7 8.h3 Bxf3
9.Qxf3 Qb4 10.dxe5 Qxb2 11.Kd2 dxe5 12.a3 exf4 13.Qxf4 g5 14.Qc7 Bg7 15.Bd4 Nxe4+
16.Nxe4 Qxd4 17.Nd6+ Kf8 18.Qxd7 Qf4+ 19.Kd1 Bc3 20.Ne4 Bxa1 21.Rf1 Qxf1+
22.Bxf1 Kg7 23.Nxg5 Kf6 24.Ne4+ Ke5 25.Bd3 Rad8 26.Qe7+ Kf5 27.Ng3+ Kf4 28.Ne2+  1-0

[Event "16th Asian Games Team Men"]
[Site "Guangzhou CHN"]
[Date "2010.11.24"]
[Round "7"]
[White "Kim Saebyeok"]
[Black "Al Sayed,Mohamad"]
[Result "0-1"]
[WhiteElo "1906"]
[BlackElo "2502"]

1.e4 d6 2.d4 Nf6 3.Nc3 e5 4.Nge2 Nbd7 5.g3 g6 6.Bg2 Bg7 7.O-O O-O 8.h3 c6
9.a4 b6 10.Be3 Bb7 11.g4 h5 12.f3 Re8 13.Ng3 hxg4 14.fxg4 exd4 15.Bxd4 Ne5
16.Bxe5 Rxe5 17.Qf3 Bc8 18.Rad1 Qe7 19.Qd3 Ne8 20.Nge2 a5 21.Rfe1 Ba6 22.Qf3 Bxe2
23.Rxe2 Nc7 24.Qe3 Rb8 25.Qd3 Rd8 26.Rf2 Rc5 27.Rdf1 Rf8 28.Nd1 Ne6 29.c3 Re5
30.b4 Ng5 31.Rd2 Rd8 32.Nf2 Ne6 33.Qe3 axb4 34.cxb4 c5 35.bxc5 dxc5 36.Rxd8+ Qxd8
37.Kh1 Nd4 38.Nd3 Re7 39.Nf4 Bh6 40.Qf2 Bxf4 41.Qxf4 Qe8 42.Qf6 Re6 43.Qf2 Kg7
44.Qa2 Qb8 45.Qf2 Qc7 46.Rc1 Qe5 47.Rf1 Rf6 48.Qxf6+ Qxf6 49.Rxf6 Kxf6 50.Bf1 Kg5
51.Bg2 Kf6 52.Bf1 Kg5 53.Kg2 Kf4 54.Bd3 g5 55.Kf2 f6 56.Bb1 c4 57.Ke1 c3
58.Kd1 Kg3 59.e5 fxe5 60.Bf5 Kxh3 61.Bd7 e4 62.Bf5 e3  0-1

[Event "4th South Bohemia Open"]
[Site "Cesky Krumlov CZE"]
[Date "2010.11.25"]
[Round "6"]
[White "Vahala,T"]
[Black "Kellner,P"]
[Result "1-0"]
[WhiteElo "1876"]
[BlackElo "1967"]

1.e4 d6 2.d4 Nf6 3.Nc3 c6 4.h3 e5 5.Nf3 Qc7 6.Bd3 Be7 7.Be3 O-O 8.O-O a6
9.dxe5 dxe5 10.a4 b6 11.Nd2 Be6 12.Qe2 c5 13.f4 Nc6 14.Qf2 exf4 15.Bxf4 Bd6
16.Bxd6 Qxd6 17.Nf3 Nd7 18.Rad1 Qe7 19.Nd5 Qd8 20.Qg3 Qb8 21.Qh4 Nde5 22.Ng5 h6
23.Nxe6 fxe6 24.Ne3 Rxf1+ 25.Bxf1 b5 26.axb5 axb5 27.Ng4 c4 28.Nxe5 Qxe5
29.c3 Ra2 30.Rb1 b4 31.Qe1 bxc3 32.bxc3 Rc2 33.Rc1 Rxc1 34.Qxc1 Qxe4 35.Qd2 Ne5
36.Kh2 Nd3 37.Be2 e5 38.Qa2 Qf4+ 39.Kg1 Qc1+ 40.Kh2 Qf4+ 41.Kg1 Kh7 42.Bg4 Qe3+
43.Kh2 Qf4+ 44.Kg1 Qe4 45.Be6 Qe3+ 46.Kh2 Qf4+ 47.Kg1 Qc1+ 48.Kh2 Qxc3 49.Bxc4 e4
50.Bg8+ Kh8 51.Qa8 Qe5+ 52.Kg1 g5 53.Be6+ Kg7 54.Qg8+  1-0

[Event "XXIII Belgrade Trophy"]
[Site "Obrenovac SRB"]
[Date "2010.11.25"]
[Round "2.16"]
[White "Angel Acosta,J"]
[Black "Barlov,D"]
[Result "0-1"]
[WhiteElo "2184"]
[BlackElo "2467"]

1.d4 d6 2.e4 Nf6 3.Nc3 c6 4.Bd3 e5 5.Nf3 Qc7 6.h3 Be7 7.O-O O-O 8.Bg5 Nbd7
9.Ne2 exd4 10.Nfxd4 Nc5 11.Ng3 d5 12.exd5 Nxd5 13.Bxe7 Qxe7 14.Re1 Qf6 15.Bc4 Nf4
16.c3 b5 17.Bf1 Bd7 18.Nh5 Nxh5 19.Qxh5 Na4 20.Rab1 a6 21.Red1 c5 22.Nf3 Bc6
23.Bd3 g6 24.Qe5 Kg7 25.Qxf6+ Kxf6 26.Nd2 c4 27.Bc2 Nb6 28.Be4 Rac8 29.Bxc6 Rxc6
30.Ne4+ Kg7 31.Rd2 Re8 32.f3 Na4 33.Rbd1 Re7 34.Kf2 f5 35.Ng3 Nc5 36.Ne2 Nd3+
37.Kg3 g5 38.Nd4 Rc5 39.b3 Kg6 40.bxc4 bxc4 41.Rb1 a5 42.Rb6+ Kf7 43.Rc6 f4+
44.Kh2 Rxc6 45.Nxc6 Re3 46.Nxa5 Ne5 47.Rc2 Ke6 48.Nb7 Kd5 49.a4 h5 50.a5 g4
51.hxg4 hxg4 52.a6 gxf3 53.gxf3 Nxf3+ 54.Kh1 Re6  0-1

[Event "XXIII Belgrade Trophy"]
[Site "Obrenovac SRB"]
[Date "2010.11.25"]
[Round "2.76"]
[White "Rajkovic,Mladen"]
[Black "Stefanovic,M"]
[Result "0-1"]
[WhiteElo "1760"]
[BlackElo "2020"]

1.e4 d6 2.d4 Nf6 3.Nc3 e5 4.dxe5 dxe5 5.Qxd8+ Kxd8 6.Bc4 Ke8 7.Nd5 Nxd5 8.Bxd5 c6
9.Bb3 Bd6 10.Be3 Ke7 11.O-O-O Be6 12.Bxe6 Kxe6 13.Nf3 f6 14.Nd2 Nd7 15.Nc4 Bc7
16.Rd3 a5 17.Rhd1 Rhd8 18.Nd6 Bxd6 19.Rxd6+ Ke7 20.f4 exf4 21.Bxf4 Nc5 22.Rxd8 Rxd8
23.Rxd8 Kxd8 24.e5 f5 25.Be3 b6 26.Bxc5 bxc5 27.Kd2 g5 28.Kd3 Kd7 29.Kc4 Ke6
30.Kxc5 Kxe5 31.Kxc6 f4 32.h3 h5 33.Kb6 g4 34.hxg4 hxg4 35.c4 f3 36.gxf3 gxf3
37.Kxa5 f2 38.c5 f1=Q 39.b4 Qc4 40.a3 Kd5 41.Kb6 Qc3 42.Ka5 Qxa3+ 43.Kb5 Qa7
44.c6  0-1

[Event "4th South Bohemia Open"]
[Site "Cesky Krumlov CZE"]
[Date "2010.11.26"]
[Round "7"]
[White "Karlicek,P"]
[Black "Kellner,P"]
[Result "1/2-1/2"]
[WhiteElo "2147"]
[BlackElo "1967"]

1.e4 d6 2.d4 Nf6 3.Nc3 c6 4.f4 d5 5.e5 Ng8 6.Bd3 g6 7.Nf3 h5 8.O-O Nh6 9.Nh4 Bg4
10.Qe1 e6 11.h3 Bf5 12.Nxf5 Nxf5 13.Ne2 h4 14.c3 Be7 15.b4 Nd7 16.a4 Kf8
17.a5 Rc8 18.Ra2 b6 19.Kh2 c5 20.axb6 axb6 21.bxc5 bxc5 22.Bxf5 gxf5 23.Be3 Nb6
24.Qa1 Nc4 25.Bf2 Kg7 26.Ra7 Nd2 27.Rg1 Ne4 28.Be1 c4 29.g3 Rc7 30.gxh4+ Kh7
31.Ng3 Nxg3 32.Bxg3 Rxa7 33.Qxa7 Rg8 34.Rg2 Rg7 35.h5 Bh4 36.Qa2 Bxg3+ 37.Rxg3 Qh4
38.Rxg7+ Kxg7 39.Qg2+ Kh7 40.Qf3 Kh8 41.Kg2 Kh7 42.Qg3 Qxh5 43.h4 Qe2+ 44.Kh3 Qf1+  1/2-1/2

[Event "Vasylyshyn Memorial IM"]
[Site "Lviv UKR"]
[Date "2010.11.26"]
[Round "4"]
[White "Grekh,A"]
[Black "Bargan,Se"]
[Result "0-1"]
[WhiteElo "2373"]
[BlackElo "2347"]

1.e4 d6 2.d4 Nf6 3.Nc3 e5 4.dxe5 dxe5 5.Qxd8+ Kxd8 6.Bc4 Bb4 7.Bd2 Ke7 8.f3 c6
9.O-O-O b5 10.Bb3 Be6 11.Nd5+ Nxd5 12.exd5 Bxd2+ 13.Rxd2 Bd7 14.Ne2 a5 15.dxc6 Bxc6
16.Nc3 f6 17.f4 b4 18.Nd5+ Bxd5 19.Bxd5 Ra6 20.Bc4 Rc6 21.b3 Rc5 22.Re1 Nd7
23.f5 Rhc8 24.Re3 Nb6 25.Be6 Rc3 26.Re4 Rh8 27.Kb2 Rc7 28.a3 bxa3+ 29.Kxa3 g6
30.Kb2 h5 31.Re3 h4 32.Rh3 a4 33.g4 g5 34.Rhd3 axb3 35.cxb3 Rb8 36.Kb1 Rc6
37.h3 Rc7 38.Rd1 Rbb7 39.Rd8 Na4 40.R1d6 Nc3+ 41.Kb2 Nb5 42.Rd2 Nd4 43.Ra8 Nxe6
44.fxe6 Rb6 45.Rdd8 Kxe6 46.Re8+ Re7 47.Rf8 Reb7 48.Rae8+ Kd5 49.Kc2 Ke4
50.Rc8 Rxb3 51.Rxf6 Rb2+ 52.Kc1 Rb1+ 53.Kc2 R7b2+ 54.Kc3 Rc1+ 55.Kxb2 Rxc8
56.Rf5 Kd4 57.Rxg5 e4 58.Rg7 e3 59.Re7 Kd3 60.Rd7+ Ke4 61.Re7+ Kf4 62.g5 Rc6
63.Kb3 Kf3 64.Rf7+ Kg3 65.Re7 Kf2 66.Rf7+ Kg2 67.Re7 Kxh3 68.Rxe3+ Kg2 69.Rc3 Rb6+
70.Kc4 h3 71.Kd4 h2 72.Rc2+ Kg3 73.Rc1 Rg6 74.Rc3+ Kh4  0-1

[Event "TCh-SVK Extraliga 2010-11"]
[Site "Bratislava SVK"]
[Date "2010.11.27"]
[Round "1"]
[White "Lanc,A"]
[Black "Hrabusa,M"]
[Result "1-0"]
[WhiteElo "2399"]
[BlackElo "2332"]

1.e4 d6 2.d4 Nf6 3.Nc3 e5 4.Nf3 Nbd7 5.Bc4 Be7 6.O-O O-O 7.Re1 c6 8.a4 b6
9.d5 Bb7 10.b3 cxd5 11.Nxd5 Rc8 12.a5 Nxd5 13.exd5 bxa5 14.Bd2 Nb6 15.Bxa5 Qd7
16.Bxb6 axb6 17.Qd3 Rc5 18.b4 Rc7 19.h3 Qc8 20.Bb3 Rc3 21.Qe2 Qd7 22.Ra7 Rb8
23.Nd2 Bd8 24.Ne4 Rc7 25.c4 Bc8 26.Ra3 f5 27.Nc3 Ra7 28.Rxa7 Qxa7 29.Nb5 Qe7
30.Ra1 Kh8 31.Ra7 Rb7 32.Ra8 Qd7 33.Ba4 Kg8 34.Nd4 Qc7 35.Nc6 Bf6 36.Bb5 h6
37.Ba6 Kh7 38.Bxb7 Bxb7 39.Ra7 Qc8 40.b5 g6 41.Qe3  1-0

[Event "XXIII Belgrade Trophy"]
[Site "Obrenovac SRB"]
[Date "2010.11.27"]
[Round "4.49"]
[White "Radosavljevic,SD"]
[Black "Stefanovic,M"]
[Result "1-0"]
[WhiteElo "2248"]
[BlackElo "2020"]

1.e4 d6 2.d4 Nf6 3.Nc3 e5 4.Nf3 Nbd7 5.Bc4 Be7 6.O-O O-O 7.a4 a5 8.h3 c6
9.dxe5 dxe5 10.Qe2 Qc7 11.Nh4 Nc5 12.Rd1 Be6 13.Nf5 Rfd8 14.Nxe7+ Qxe7 15.Rxd8+ Rxd8
16.Be3 Bxc4 17.Qxc4 Ne6 18.Ne2 Qc7 19.c3 h6 20.Ng3 Nf4 21.b4 axb4 22.cxb4 g6
23.a5 Qd7 24.a6 bxa6 25.Rxa6 Qd1+ 26.Kh2 Qe1 27.Ra7 Ne6 28.Nf1 Rd1 29.Kg1 Nxe4
30.Qxe4 Qxf1+ 31.Kh2 Qh1+ 32.Kg3 Rd5 33.Ra8+ Nd8 34.Qh4 Qd1 35.Qxh6 Qd3 36.Kh2 Qf5
37.Bc5 Qd7 38.g3 e4 39.Bf8  1-0

[Event "WY U-16 Olympiad"]
[Site "Burdur TUR"]
[Date "2010.11.28"]
[Round "2"]
[White "Meribanov,V"]
[Black "Janzelj,T"]
[Result "1/2-1/2"]
[WhiteElo "2219"]
[BlackElo "2025"]

1.e4 d6 2.d4 Nf6 3.Nc3 e5 4.Nf3 Nbd7 5.Bc4 Be7 6.O-O O-O 7.a4 c6 8.Re1 b6
9.Qe2 Bb7 10.Ba2 a6 11.dxe5 dxe5 12.Nh4 b5 13.Nf5 Nc5 14.Bg5 Ne6 15.Rad1 Qc7
16.Bxf6 Bxf6 17.Qg4 Bc8 18.Qg3 Nf4 19.Qe3 Be6 20.Qc5 Rfd8 21.axb5 axb5 22.Nd5 Nxd5
23.Bxd5 Bxf5 24.exf5 Rac8 25.Bf3 Rxd1 26.Rxd1 Be7 27.Qe3 Rd8 28.Rxd8+ Bxd8
29.Qc5 Qa5 30.g3 e4 31.Bg2 Bb6 32.Qc3 Qxc3 33.bxc3 e3 34.Kf1 exf2 35.Bxc6 f6
36.Bxb5 Kf7 37.Ke2 Ke7 38.Kf3 Kd6 39.Bd3 Ke5 40.h4 Bc5 41.g4 h6 42.Kg3  1/2-1/2

[Event "4th South Bohemia Open"]
[Site "Cesky Krumlov CZE"]
[Date "2010.11.28"]
[Round "9"]
[White "Balka,L"]
[Black "Kellner,P"]
[Result "1/2-1/2"]
[WhiteElo "1778"]
[BlackElo "1967"]

1.e4 d6 2.d4 Nf6 3.Nc3 c6 4.Nf3 Bg4 5.Be2 e6 6.O-O Be7 7.h3 Bh5 8.e5 Nfd7
9.exd6 Bxd6 10.Ne4 Be7 11.Bf4 Nf6 12.Nxf6+ Bxf6 13.c3 O-O 14.g4 Bg6 15.Bd3 Bxd3
16.Qxd3 Na6 17.Rad1 Qa5 18.a3 Rad8 19.Qc2 Rd7 20.g5 Be7 21.Ne5 Rdd8 22.a4 Bd6
23.Nc4  1/2-1/2

[Event "Vasylyshyn Memorial WGM"]
[Site "Lviv UKR"]
[Date "2010.11.28"]
[Round "6"]
[White "Matseyko,K"]
[Black "Fominykh,M"]
[Result "0-1"]
[WhiteElo "2243"]
[BlackElo "2309"]

1.e4 d6 2.d4 Nf6 3.Nc3 e5 4.Nf3 Nbd7 5.Bc4 Be7 6.O-O c6 7.a4 O-O 8.Re1 a5
9.h3 Nb6 10.Bb3 Nfd7 11.dxe5 dxe5 12.Be3 Qc7 13.Ng5 Bxg5 14.Bxg5 Nc5 15.Re2 Be6
16.Bxe6 Nxe6 17.Be3 Nc4 18.b3 Nxe3 19.Rxe3 Rad8 20.Rd3 Qe7 21.Ne2 g6 22.Qd2 Qc5
23.Re1 b6 24.Kf1 Rxd3 25.Qxd3 Rd8 26.Qc3 Qd6 27.f3 Nc5 28.Ng3 Na6 29.Ke2 Nb4
30.Ra1 c5 31.Nf1 Qd4 32.Qxd4 cxd4 33.Rc1 Nxc2 34.Kd2 Nb4 35.Rc7 Rd6 36.Kd1 Kg7
37.Nd2 Na6 38.Ra7 Nc5 39.Nc4 Re6 40.Kc2 Kf6 41.Rc7 Kg7 42.Nxa5 Na6  0-1

[Event "XXIII Belgrade Trophy"]
[Site "Obrenovac SRB"]
[Date "2010.11.28"]
[Round "5.9"]
[White "Kadric,D"]
[Black "Perunovic,Mil"]
[Result "0-1"]
[WhiteElo "2331"]
[BlackElo "2565"]

1.e4 d6 2.d4 Nf6 3.Nc3 e5 4.Nf3 Nbd7 5.Bc4 Be7 6.O-O O-O 7.Re1 a6 8.a4 b6
9.Bg5 Bb7 10.Qd2 c6 11.d5 c5 12.Rab1 h6 13.Be3 Ng4 14.b4 Nxe3 15.Qxe3 cxb4
16.Rxb4 Rc8 17.Bf1 Qc7 18.Rc4 Qb8 19.Nd2 Bg5 20.Qe2 Bxd2 21.Qxd2 Rxc4 22.Bxc4 Qc7
23.Bd3 Nc5 24.Re3 Bc8 25.Rg3 Kh8 26.f4 exf4 27.Qxf4 Qe7 28.Ne2 f5 29.Qe3 fxe4
30.Nf4 Rxf4 31.Qxf4 exd3 32.Re3 Qxe3+ 33.Qxe3 dxc2 34.Kf2 c1=Q  0-1

[Event "77th ch-BRA"]
[Site "Americana BRA"]
[Date "2010.11.29"]
[Round "1"]
[White "Di Berardino,D"]
[Black "Jatoba de Oliveira Reis,P"]
[Result "1-0"]
[WhiteElo "2491"]
[BlackElo "2378"]

1.d4 d6 2.e4 Nf6 3.Nc3 e5 4.Nge2 Be7 5.g3 c6 6.a4 Nbd7 7.Bg2 O-O 8.O-O b6
9.h3 a6 10.g4 h6 11.Ng3 Re8 12.Nf5 Bf8 13.Kh1 Bb7 14.dxe5 Nxe5 15.f4 Ng6
16.Qd3 b5 17.Ne2 c5 18.Neg3 Qb6 19.b3 Rad8 20.axb5 axb5 21.c4 Ne7 22.Ne3 Ng6
23.Bb2 bxc4 24.Nxc4 Qc7 25.Bxf6 gxf6 26.Nh5 Bg7 27.Ne3 Nh4 28.Nd5 Bxd5 29.Qxd5 f5
30.Nxg7 Kxg7 31.gxf5 Kh7 32.Bf3 Qe7 33.Rae1 Rg8 34.Bg4 h5 35.f6 Qxf6 36.Qxh5+ Qh6
37.Qxf7+ Rg7 38.Qe6 Qxe6 39.Bxe6 Rg3 40.Rg1 Rc3 41.Ra1 Re8 42.Ra7+ Kh6 43.Rgg7 Rc1+
44.Kh2 Rc2+ 45.Kg1 Nf3+ 46.Kf1 Nd2+ 47.Ke2 Nxe4+ 48.Kd3 Rc3+ 49.Kxe4  1-0

[Event "WY U-16 Olympiad"]
[Site "Burdur TUR"]
[Date "2010.11.29"]
[Round "5"]
[White "Foster,JM"]
[Black "Janzelj,T"]
[Result "1-0"]
[WhiteElo "1953"]
[BlackElo "2025"]

1.e4 d6 2.d4 Nf6 3.Nc3 e5 4.dxe5 dxe5 5.Qxd8+ Kxd8 6.Bg5 Be6 7.Nf3 Nd7 8.O-O-O Bd6
9.Bb5 h6 10.Bxd7 Bxd7 11.Bxf6+ gxf6 12.Nd5 f5 13.exf5 Bxf5 14.Ne3 Be6 15.Nxe5 Ke7
16.N5c4 Bc5 17.Nd5+ Kd7 18.Nf4+ Ke7 19.Nxe6 fxe6 20.Ne5 Rhg8 21.Nd3 Bd6 22.g3 Raf8
23.Rhe1 h5 24.Re2 Rg6 25.Rde1 Rf5 26.Re4 c6 27.R1e2 Bc7 28.Kd1 c5 29.c4 a6
30.Ne5 Rg8 31.f4 h4 32.g4 Rff8 33.h3 Bxe5 34.Rxe5 Rxf4 35.Rxe6+ Kd8 36.Rh6 Rxc4
37.Rxh4 Kc7 38.Rh7+ Kc6 39.Re6+ Kd5 40.Rb6 Ke4 41.Rbxb7 Rf8 42.Rhe7+ Kd3
43.Rb3+ Kd4 44.Ree3 Rf1+ 45.Ke2 Rcc1 46.Rbd3+ Kc4 47.Rc3+ Kd4 48.Rxc1 Rxc1
49.Rd3+ Ke4 50.Rc3 Rh1 51.Kf2 Rh2+ 52.Kg3 Rxb2 53.Rxc5 Rxa2 54.g5 Ra1 55.Kh4  1-0

[Event "Vasylyshyn Memorial IM"]
[Site "Lviv UKR"]
[Date "2010.11.29"]
[Round "7"]
[White "Tsyhanchuk,S"]
[Black "Bargan,Se"]
[Result "1-0"]
[WhiteElo "2328"]
[BlackElo "2347"]

1.e4 d6 2.d4 Nf6 3.Nc3 e5 4.Nf3 Nbd7 5.Bc4 Be7 6.O-O O-O 7.Re1 a6 8.a4 b6
9.Bg5 c6 10.Qd2 Bb7 11.d5 c5 12.Nh4 g6 13.Bh6 Re8 14.Nf5 Bf8 15.Bxf8 Nxf8
16.Ne3 Nh5 17.g3 Bc8 18.Be2 Ng7 19.Nc4 Qc7 20.f4 Nd7 21.Bg4 exf4 22.Bxd7 Bxd7
23.Qxf4 Re5 24.Nxe5 dxe5 25.Qf6 Nh5 26.d6 Nxf6 27.dxc7 Ra7 28.Rad1 Rxc7 29.Rd6 Be6
30.Rxb6 Rd7 31.Rxa6 Kg7 32.Rd1 Rb7 33.Nb5 Nxe4 34.b3 Bg4 35.Rd8 Ng5 36.Kf2 h5
37.Ke3 h4 38.gxh4 Ne6 39.Rd5 f5 40.Rxe5 f4+ 41.Kf2 Kf6 42.Raxe6+ Bxe6 43.Rxc5 Rh7
44.Nd4 Bg4 45.Nf3 Bxf3 46.Kxf3 Rxh4 47.a5 g5 48.a6 Rxh2 49.a7 Rh3+ 50.Kg2 Rh8
51.Ra5  1-0

[Event "Vasylyshyn Memorial IM"]
[Site "Lviv UKR"]
[Date "2010.12.01"]
[Round "9"]
[White "Vetoshko,V"]
[Black "Bargan,Se"]
[Result "0-1"]
[WhiteElo "2211"]
[BlackElo "2347"]

1.e4 d6 2.d4 Nf6 3.Nc3 e5 4.dxe5 dxe5 5.Qxd8+ Kxd8 6.Bc4 Bb4 7.Bd2 Ke7 8.f3 c6
9.O-O-O Bc5 10.a4 a5 11.Nge2 Na6 12.h3 Be6 13.Bxe6 fxe6 14.f4 exf4 15.Bxf4 h6
16.Be5 Rhd8 17.Rd3 Nb4 18.Rf3 Rf8 19.Nf4 Kf7 20.Rhf1 Be7 21.g4 c5 22.Nb5 Nc6
23.Bxf6 Bxf6 24.Nd6+ Ke7 25.Nxb7 Ne5 26.Nxc5 Nxf3 27.Ng6+ Kd6 28.Nxf8 Rxf8
29.Nb7+ Kc7 30.Nxa5 Bg5+ 31.Kd1 Rd8+ 32.Ke2 Nd4+ 33.Kf2 Nxc2 34.Kg3 Rd3+
35.Kh2 Rd4 36.Rf7+ Kb6 37.Nb3 Rxa4 38.Rxg7 Rb4 39.Nc5 Bf4+  0-1

[Event "WY U-16 Olympiad"]
[Site "Burdur TUR"]
[Date "2010.12.03"]
[Round "9"]
[White "Sanal,V"]
[Black "Janzelj,T"]
[Result "1-0"]
[WhiteElo "2169"]
[BlackElo "2025"]

1.e4 d6 2.d4 Nf6 3.Nc3 e5 4.Nf3 Nbd7 5.Bc4 Be7 6.O-O O-O 7.Re1 c6 8.a4 b6
9.d5 Bb7 10.b3 Qc7 11.Nxe5 dxe5 12.Re2 a6 13.Ba3 c5 14.Bc1 Ne8 15.Be3 g6
16.Qd2 Ng7 17.h3 Nf6 18.Rf1 Rae8 19.g3 Qd8 20.Kg2 Bc8 21.d6 Nfh5 22.dxe7 Be6
23.Bg5 f5 24.Bxe6+ Nxe6 25.Kg1 fxe4 26.Nxe4 Nd4 27.Re3 Qxe7 28.Bxe7 Nf3+
29.Rxf3 Rxf3 30.Re1 Rd3 31.Bxc5 Rxb3 32.Bd4 Rb5 33.Qa5 bxa5 34.Bc3 Rd5 35.Nc5 Rxc5
36.Bxa5 Kf7 37.Kg2 Nf6 38.Bc3 Ke6 39.Re4 Nxe4 40.Bd4 h5 41.h4 Rxc2 42.Kf3 Nd2+
43.Ke3 Rc4 44.Kd3 Nf1 45.Ke2 Kd5  1-0

[Event "Frauenbundesliga 1st Div 2010-11"]
[Site "Germany GER"]
[Date "2010.12.04"]
[Round "3.6"]
[White "Brendel,B"]
[Black "Rogozenco,I"]
[Result "0-1"]
[WhiteElo "2065"]
[BlackElo "2028"]

1.e4 d6 2.d4 Nf6 3.Nc3 e5 4.Nf3 Nbd7 5.Bc4 Be7 6.O-O O-O 7.Re1 c6 8.a4 a5
9.Bb3 h6 10.h3 Nh7 11.Be3 Ng5 12.Nxg5 Bxg5 13.Qd2 exd4 14.Qxd4 Nc5 15.Bc4 Bf6
16.Qd1 Bxc3 17.bxc3 Nxe4 18.Bxh6 d5 19.Bf4 Qf6 20.Qf3 Nd2 21.Bxd2 Qxf3 22.gxf3 dxc4
23.Re7 b5 24.Kh2 Bf5 25.axb5 cxb5 26.Re5 Bd7 27.Rg1 Rfe8 28.Rd5 Bc6 29.Rc5 Re6
30.Be3 Rb8 31.Bd4 f6 32.Rf5 Kf7 33.Rf4 Re2 34.Rfg4 Rg8 35.Ra1 a4 36.Kg3 Rxc2
37.Kf4 g5+ 38.Kg3 Re2 39.f4 Bd7 40.Kf3 Bxg4+ 41.hxg4 Ree8 42.Rb1 Rb8 43.Bc5 Rgd8
44.Rh1 Rd3+ 45.Kg2 gxf4  0-1

[Event "TCh-BEL 2010-11"]
[Site "Belgium BEL"]
[Date "2010.12.05"]
[Round "5.8"]
[White "Huesmann,T"]
[Black "Verduyn,F"]
[Result "1-0"]
[WhiteElo "2233"]
[BlackElo "2186"]

1.e4 d6 2.d4 Nf6 3.Nc3 c6 4.f4 Qa5 5.e5 Ne4 6.Qf3 d5 7.Bd3 c5 8.Ne2 Nc6 9.dxc5 Nxc5
10.Qxd5 Nb4 11.Qc4 Ncxd3+ 12.cxd3 Nc2+ 13.Kd2 Nxa1 14.b4 Qa6 15.Nb5 Be6 16.Nc7+ Kd8
17.Nxe6+ Qxe6 18.Qxe6 fxe6 19.Bb2 Nb3+ 20.axb3 g5 21.fxg5 Bg7 22.Rf1 Rf8
23.Rxf8+ Bxf8 24.Ng3 Ke8 25.h4 a5 26.bxa5 Rxa5 27.b4 Ra6 28.Kc3 Rc6+ 29.Kb3 b5
30.h5 Kf7 31.Ne2 Rc8 32.Nf4 Rc6 33.d4 Kg8 34.Ne2 h6 35.g6 Bg7 36.Bc3 Rc8
37.Nf4 Rc6 38.Bd2 Ra6 39.Kb2 Kf8 40.Nd3 Rc6 41.Nc5 Kg8 42.g4 Rc8 43.Nxe6 Rc6
44.Nc5 Rb6 45.g5 hxg5 46.Bxg5 Bf8 47.Kc2 Kh8 48.Kd3 Kg8 49.d5  1-0

[Event "TCh-HUN 2010-11"]
[Site "Budapest HUN"]
[Date "2010.12.05"]
[Round "4"]
[White "Tatar Kis,S"]
[Black "Rigo,Z"]
[Result "1/2-1/2"]
[WhiteElo "2376"]
[BlackElo "2389"]

1.e4 d6 2.d4 Nf6 3.Nc3 e5 4.Nf3 Nbd7 5.Bc4 Be7 6.O-O O-O 7.Re1 a6 8.a4 b6
9.h3 Bb7 10.d5 Kh8 11.b4 Ng8 12.a5 g6 13.Ne2 Kg7 14.Qd3 Ngf6 15.Bb2 b5 16.Bb3 c5
17.dxc6 Bxc6 18.Nc3 Kg8 19.Rad1 Rc8 20.Bc1 Kg7 21.Qe3 Ng8 22.Nd5 Bxd5 23.Rxd5 Qc7
24.Rd3 Ndf6 25.Bb2 Qb7 26.Nd2 Rc7 27.Nb1 Nd7 28.Nc3 Ngf6 29.Kh1 Kg8 30.Kh2 Qa7
31.Qd2 Qb7 32.Qe3 Qa7 33.Qd2 Qb7  1/2-1/2